| 000 | 00449nam a22001577a 4500 | ||
|---|---|---|---|
| 003 | OSt | ||
| 008 | 260603b |||||||| |||| 00| 0 eng d | ||
| 020 | _a9780521706100 | ||
| 082 |
_a570.285 _bX66E |
||
| 100 | _aXiong, Jin | ||
| 245 |
_aEssentials of bioinformatics/ _bby Jin Xiong |
||
| 260 |
_aNew Delhi: _bCambridge University Press _c2006. |
||
| 300 | _axi, 339 p. | ||
| 650 | _aBiology | Biochemical genetics | Boi-nformatics | ||
| 942 |
_2ddc _cBK |
||
| 999 |
_c51301 _d51301 |
||